Biz & living in Malaysia.

Bibliographic Details
Format: Book
Published: Kuala Lumpur: Korean Chamber of Commerce Malaysia (KOCHAM), 2010.
Subjects:
LEADER 00500cam a2200157 7i4500
001 0000026309
005 20110524090000.0
020 0 0 |a 9789671015701  
090 0 0 |a M 338.7   |b BIZ 
245 0 0 |a Biz & living in Malaysia. 
260 0 0 |a Kuala Lumpur:   |b Korean Chamber of Commerce Malaysia (KOCHAM),   |c 2010. 
300 # # |a 395 p. 
650 0 0 |a Business --   |z Malaysia  
651 0 0 |a Malaysia  
999 |a 0000028506  |b Book  |c Malaysia  |e Business Information Centre 
999 |a 0000028505  |b Book  |c Malaysia  |e Business Information Centre